| 000 | 00591nam a2200205Ia 4500 | ||
|---|---|---|---|
| 008 | 220214s9999 xx 000 0 und d | ||
| 100 | _aDuquesne S | ||
| 245 | 2 | _aA Comparative study of the mechanism of action of ammonium polyphosphate and expandable gra[phite in polyurethane | |
| 260 |
_bPolymer Degradation and Stability _c2002 |
||
| 300 | _a333-344 | ||
| 650 | _aCharring | ||
| 650 | _aDynamic properties | ||
| 650 | _aIntumescence | ||
| 650 | _aMechanical strength | ||
| 650 | _aRheology | ||
| 700 | _aBras M Le | ||
| 700 | _aCamino G | ||
| 700 | _aDelobel R | ||
| 942 | _cRE | ||
| 999 |
_c45547 _d45547 |
||